Se acabó la clase media : cómo prosperar en un mundo digital /

Detalles Bibliográficos
Autor principal: Cowen, Tyler (Autor)
Otros Autores: Alba, Félix (Traductor)
Formato: Electrónico eBook
Lenguaje:español
inglés
Publicado: Barcelona, España : Antoni Bosch editor, [2013]
Materias:
Acceso en línea:Digitalia Hispánica

MARC

LEADER 00000nam a2200000Ii 4500
001 DIGANBSCH0011
003 NyNyDIG
006 m o d
007 cr |||||||||||
008 240103s2013 sp ob 001 0 spa d
035 |a (OCoLC)1417821433 
040 |a DGITA  |b eng  |e rda  |e pn  |c DGITA 
020 |a 9788495348975  |q eBook 
020 |a 9788494488054  |q eBook 
020 |z 9788494126727 
041 1 |a spa  |h eng 
043 |a n-us--- 
050 1 4 |a HC106.84 ebook 
082 0 4 |a 330.973  |2 23 
100 1 |a Cowen, Tyler,  |e author. 
240 1 0 |a Average is over.  |l Spanish  |s (Alba) 
245 1 0 |a Se acabó la clase media :  |b cómo prosperar en un mundo digital /  |c Tyler Cowen ; traducción de Félix Alba. 
264 1 |a Barcelona, España :  |b Antoni Bosch editor,  |c [2013] 
300 |a 1 online resource. 
336 |a text  |b txt  |2 rdacontent 
337 |a computer  |b c  |2 rdamedia 
338 |a online resource  |b cr  |2 rdacarrier 
347 |a text file  |2 rdaft 
347 |b PDF 
347 |b EPUB 
504 |a Includes bibliographical references and index. 
588 0 |a Online resource; title from PDF and ePub title page (Digitalia, viewed January 3, 2024) 
650 0 |a Economic forecasting  |z United States. 
651 0 |a United States  |x Economic conditions  |y 2009- 
651 0 |a United States  |x Economic policy  |y 2009- 
700 1 |a Alba, Félix,  |e translator.  
700 1 |i Translation of:  |a Cowen, Tyler.  |t Average is over. 
791 2 |a Digitalia (Firm),  |e distributor. 
793 0 |g Digitalia eBook Collection:  |a Antoni Bosch Editor 
776 0 8 |i Print version:  |a Cowen, Tyler.  |s Average is over. Spanish (Alba).  |t Se acabó la clase media.  |d Barcelona, España : Antoni Bosch editor, [2013]  |z 9788494126727 
856 4 0 |3 Digitalia Hispánica  |u https://www.digitaliapublishing.com/a/84033/ 
910 |a Premium collection: 2024